La enseñanza profesional de nivel medio en 1969.

Furkejuvvon:
Bibliográfalaš dieđut
Searvvušdahkki: Centro de Estudios Educativos (México)
Materiálatiipa: Girji
Giella:espánnjágiella
Fáttát:
Fáddágilkorat: Lasit fáddágilkoriid
Eai fáddágilkorat, Lasit vuosttaš fáddágilkora!

MARC

LEADER 00000cam^a2200000uu^4500
001 000481158
005 20250521000000.0
008 050901s1970^^^^^^^^^^^^r^^r^^000^0^spa^d
009 20260310125018.935
035 |a FCE 000024183 
035 |a FCE 008962 
037 |a Acervo ITESO - Biblioteca 
041 |a spa 
082 0 |a 370.1  |b CEE 7/70 
110 |a Centro de Estudios Educativos (México) 
245 1 3 |a La enseñanza profesional de nivel medio en 1969. 
264 |a México :  |b CEE,  |c 1970. 
300 |a 5 p. 
336 |a texto  |b txt  |2 rdacontenido 
337 |a sin mediación  |b n  |2 rdamedio 
338 |a volumen  |b nc  |2 rdasoporte 
649 |a XX 
650 |a Estadísticas educativas 
650 |a Educación media superior 
650 |a Enseñanza profesional 
910 |a Fondo Centro de Estudios Educativos 
920 |a Impresos - Libros 
930 |a Fondos Especiales 
905 |a 133 
901 |a ALE008962  |b IT2  |c CEE  |u 20250521 
901 |a ALE050466  |b IT2  |c CEE  |u 20250521 
901 |a ALE050467  |b IT2  |c CEE  |u 20250521 
901 |a ALE050468  |b IT2  |c CEE  |u 20250521 
901 |a ALE050469  |b IT2  |c CEE  |u 20250521 
902 |a https://opac.biblio.iteso.mx/vufind/Record/000481158